[Event "4NCL/Div3/LIT3 vs. WOB"]
[Site "Staverton Park ENG"]
[Date "2009.02.08"]
[Round "6.2"]
[White "Parry, Matthew"]
[Black "Farrall, David J"]
[Result "0-1"]
[WhiteElo "1870"]
[BlackElo "1812"]
[PlyCount "46"]
[EventDate "2009.02.08"]
[SourceDate "2008.10.04"]

1. b4 e5 2. a3 d5 3. Bb2 Bd6 4. e3 Nf6 5. c4 dxc4 6. Bxc4 O-O 7. Ne2 b6 8. f4
exf4 9. Nxf4 Bxf4 10. exf4 Re8+ 11. Be2 Bg4 12. Be5 Bxe2 13. Qxe2 Nd5 14. O-O
f6 15. d4 fxe5 16. dxe5 c6 17. Qc4 Kh8 18. Rf3 b5 19. Qe2 Qb6+ 20. Kf1 Nd7 21.
Nd2 N7f6 22. Qd3 Ng4 23. Rh3 Qf2# 0-1

[Event "4NCL/Div3/LIT3 vs. WOB"]
[Site "Staverton Park ENG"]
[Date "2009.02.08"]
[Round "6.3"]
[White "Rajeswaran, Kiruthika"]
[Black "Rees, Sioned"]
[Result "1-0"]
[WhiteElo "1850"]
[BlackElo "1395"]
[PlyCount "62"]
[EventDate "2009.02.08"]
[SourceDate "2008.10.04"]

1. e4 e5 2. Bc4 Nf6 3. d4 exd4 4. Nf3 d5 5. exd5 Nxd5 6. Qxd4 Qe7+ 7. Qe5 Qxe5+
8. Nxe5 Be6 9. O-O Bd6 10. Nd3 O-O 11. Nd2 Re8 12. Ne4 Bf8 13. Ndc5 Nb6 14.
Nxe6 fxe6 15. Bb3 N8d7 16. Bf4 c6 17. Rad1 Nd5 18. Bd6 N7f6 19. Nxf6+ Nxf6 20.
Bxf8 Kxf8 21. Rfe1 e5 22. f3 Re7 23. Rd6 e4 24. fxe4 Rxe4 25. Rxf6+ gxf6 26.
Rxe4 Re8 27. Rxe8+ Kxe8 28. Kf2 Ke7 29. Ke3 f5 30. c3 Kf6 31. Kf4 b6 1-0